Understanding mechanics (Record no. 78473)

MARC details
000 -LEADER
fixed length control field 00666nam a2200169 a 4500
008 - FIXED-LENGTH DATA ELEMENTS--GENERAL INFORMATION
fixed length control field 120416s1984 ||||||||||||||||| || u
020 ## - INTERNATIONAL STANDARD BOOK NUMBER
International Standard Book Number 0199140979
050 ## - LIBRARY OF CONGRESS CALL NUMBER
Classification number QA 805 Sad
100 ## - MAIN ENTRY--PERSONAL NAME
Personal name Sadler, A. J
245 10 - TITLE STATEMENT
Title Understanding mechanics
260 ## - PUBLICATION, DISTRIBUTION, ETC.
Place of publication, distribution, etc. Oxford
Name of publisher, distributor, etc. Oxford University Press
Date of publication, distribution, etc. 1984
350 ## -
-- 0.00
650 ## - SUBJECT ADDED ENTRY--TOPICAL TERM
Topical term or geographic name entry element MECHANICS
650 #0 - SUBJECT ADDED ENTRY--TOPICAL TERM
Topical term or geographic name entry element PHYSICS
995 ## -
-- BINDERY (DAMAGED)
-- 0.00
-- 730642
-- CBU-MAIN LIBRARY (Kitwe)
-- 1
-- 15.00
-- QA 805 Sad
-- 1
-- DAMAGED
-- 027486
-- Main Library Open Access Collection
995 ## -
-- MAIN LIBRARY OPEN ACCESS
-- 0.00
-- 730643
-- CBU-MAIN LIBRARY (Kitwe)
-- 2
-- 15.00
-- QA 805 Sad
-- 2
-- LOST
-- 730643
-- Main Library Open Access Collection
999 ## -
-- 78473
-- 78473
Holdings
Withdrawn status Lost status Source of classification or shelving scheme Damaged status Not for loan Permanent Location Current Location Shelving location Date acquired Total Checkouts Full call number Barcode Date last seen Copy number Price effective from Koha item type
          CBU-MAIN LIBRARY, KITWE. CBU-MAIN LIBRARY, KITWE.   05/17/2023   QA 805 Sad 027486 05/17/2023 1 05/17/2023 MONOGRAPH
          CBU-MAIN LIBRARY, KITWE. CBU-MAIN LIBRARY, KITWE.   05/17/2023   QA 805 Sad 730643 05/17/2023 2 05/17/2023 MONOGRAPH